España y América al encuentro (Record no. 11004)

MARC details
000 -LEADER
campo de control de longitud fija 01137nam a22002775i 4500
001 - NÚMERO DE CONTROL
campo de control 11004
003 - IDENTIFICADOR DE NÚMERO DE CONTROL
campo de control ES-MaACL
005 - FECHA Y HORA DE LA ÚLTIMA TRANSACCIÓN
campo de control 20250808062709.0
008 - DATOS DE LONGITUD FIJA--INFORMACIÓN GENERAL
campo de control de longitud fija 921216s1992 sp ||||0| spa
020 ## - NÚMERO INTERNACIONAL ESTÁNDAR DEL LIBRO
Número Internacional Estándar del Libro 84-7914-072-0
080 ## - NÚMERO DE LA CLASIFICACIÓN DECIMAL UNIVERSAL
Número de la Clasificación Decimal Universal 98(=60)(082.2)
080 ## - NÚMERO DE LA CLASIFICACIÓN DECIMAL UNIVERSAL
Número de la Clasificación Decimal Universal 918(=60)(082.2)
245 00 - MENCIÓN DEL TÍTULO
Título España y América al encuentro
Resto del título : textos y documentos desde los cronistas de Indias a los escritores contemporáneos (1492-1992) /
Mención de responsabilidad, etc. edición preparada por Mª Enriqueta Soriano P.-Villamil, Pilar Maicas García-Asenjo y Mercedes Gómez del Manzano.
260 ## - PUBLICACIÓN, DISTRIBUCIÓN, ETC.
Lugar de publicación, distribución, etc. Madrid :
Nombre del editor, distribuidor, etc. Biblioteca de Autores Cristianos,
Fecha de publicación, distribución, etc. 1992.
300 ## - DESCRIPCIÓN FÍSICA
Extensión XVI, 430 p. ;
Dimensiones 20 cm.
490 1# - MENCIÓN DE SERIE
Mención de serie Biblioteca de autores cristianos ;
Designación de volumen o secuencia 522
504 ## - NOTA DE BIBLIOGRAFÍA, ETC.
Nota de bibliografía, etc. Bibliografía: p. [393]-416.
651 #4 - PUNTO DE ACCESO ADICIONAL DE MATERIA--NOMBRE GEOGRÁFICO
Nombre geográfico América española-
Subdivisión general Historia.
9 (RLIN) 7723
651 ## - PUNTO DE ACCESO ADICIONAL DE MATERIA--NOMBRE GEOGRÁFICO
Nombre geográfico América española-
Subdivisión general Descripción.
9 (RLIN) 151191
700 1# - ENTRADA AGREGADA--NOMBRE PERSONAL
Nombre de persona Soriano Pérez-Villamil, María Enriqueta.
9 (RLIN) 107399
700 1# - ENTRADA AGREGADA--NOMBRE PERSONAL
Nombre de persona Maicas, Pilar.
9 (RLIN) 75554
700 1# - ENTRADA AGREGADA--NOMBRE PERSONAL
Nombre de persona Gómez del Manzano, Mercedes.
9 (RLIN) 57932
830 10 - PUNTO DE ACCESO ADICIONAL DE SERIE-TÍTULO UNIFORME
Título uniforme Biblioteca de autores cristianos
Designación de volumen o secuencia 522
9 (RLIN) 178679
852 ## - LOCALIZACIÓN
Ubicación ES-MaACL
Número de control de estantería J-509
Holdings
Estatus retirado Estado de pérdida Estado de daño No para préstamo Biblioteca de origen Biblioteca actual Ubicación en estantería Fecha de adquisición Fuente de adquisición Total de préstamos Signatura topográfica completa Código de barras Visto por última vez Precio de reemplazo Tipo de ítem Koha
        Biblioteca del Ateneo de Madrid Biblioteca del Ateneo de Madrid Depósito 2 17/01/2008     J-509 1011222 23/02/2023 23/02/2023 Libro impreso